LEADER 01131nam a2200277 u 4500 001 000000086442 003 CaOOAMICUS 005 20070226124311.0 008 050929s2003 enk u000 u eng u 020 $a0-521-79381-5 035 $a11060780 040 $aPUL$bita 245 00$aAlasdair MacIntyre /$cedited by Mark C. Murphy. 260 $aCambridge :$bCambridge University Press,$cc2003. 300 $axii, 224 p. ;$c23 cm 490 1 $aContemporary philosophy in focus 504 $a"Bibliography": p. 201-219. 600 14$aMacIntyre, Alasdair,$d1929-$0(OLS)http://pul/subject/19627 700 1 $aMurphy, Mark C.$0(OLS)http://pul/name/56555 830 0$aContemporary philosophy in focus.$0(OLS)http://pul/title/112016 850 $aPUL 852 $aPUL$W1$xSL Filosofia 3$y81$m170 MURMA 1$j109774$nBK-PRI$b $qDDC 21$B109774$CPULBib$Z2$F109774 $HPUL99448 $81 941 1 $a9 996 $6020$a0-521-79381-5$9(OLS)http://pul/number/114078 996 $6245$aAlasdair MacIntyre$9(OLS)http://pul/title/112015 996 $6260$aCambridge :$bCambridge University Press$9(OLS)http://pul/publisher/50125 LEADER 01789nam a2200337 a 4500 001 000000130492 003 CaOOAMICUS 005 20120928115310.0 008 120928s2005 it c u000 u ita r 020 $a88-495-1053-5 040 $aPUL$bita 041 0 $aita$aspa$aeng$afre 110 2 $aAccademia romanistica costantiniana.$bConvegno internazionale$n(15 :$d2001 :$cPerugia e Spello).$0(OLS)http://pul/name/83633 245 10$aAtti dell'Accademia romanistica costantiniana :$bXV convegno internazionale in onore di Carlo Castello. 260 $aNapoli :$bEdizioni scientifiche italiane,$c©2005. 300 $a568 p. :$britr. ;$c24 cm 490 1 $aPubblicazioni dell'Universitą degli studi di Perugia 500 $aIn testa al front: Universitą degli studi di Perugia, Facoltą di giurisprudenza. 504 $aContiene riferimenti bibliografici e indici. 546 $aContributi in italiano, francese, inglese e spagnolo. 600 14$aCastello, Carlo.$0(OLS)http://pul/subject/39004 650 4$aDiritto romano$xCongressi.$0(OLS)http://pul/subject/9513 710 2 $aUniversitą degli studi di Perugia.$bFacoltą di giurisprudenza.$0(OLS)http://pul/name/13314 830 0$aPubblicazioni dell'Universitą degli studi di Perugia.$0(OLS)http://pul/title/7386 850 $aPUL 852 $aPUL$W1$xSL Diritto e Scienze Sociali 1$y4$m195 B 15$j150995$qStampati$B149607$CPULBib$Z2$F149607 $H120812 $82 941 1 $a8 996 $6020$a88-495-1053-5$9(OLS)http://pul/number/150602 996 $6245$aAtti dell'Accademia romanistica costantiniana :$bXV convegno internazionale in onore di Carlo Castello$9(OLS)http://pul/title/164925 996 $6260$aNapoli :$bEdizioni scientifiche italiane$9(OLS)http://pul/publisher/48388